000
00400nam a22001697a 4500
003
MPLRDC
005
20220104144119.0
008
210129b ||||| |||| 00| 0 eng d
082
_a
859.4 SNWX
100
_a
245
_a
阿拉丁和神灯
_c
260
_a
_b
明华出版公司
_c
1983
300
_b
平
490
_a
少年文学名著选
650
_a
儿童故事
942
_c
BK
_o
859.4 SNWX
999
_c
46487
_d
46477